In pursuit of ancient Cyrenaica... : two hundred years of exploration set against the history of archaeology in Europe (1706-1911) /
This work examines travellers' accounts of their journeys to Cyrenaica, focusing in the main on an analysis of these accounts within the context of their significance to topographic surveys of the region.
المؤلف الرئيسي:
مؤلفون آخرون:
التنسيق: كتاب الكتروني
اللغة: English
منشور في:
Oxford :
Archaeopress,
[2016]
الموضوعات:
الوصول للمادة أونلاين: Login to view Source
الوسوم: إضافة وسم
رقم الطلب: DT238.C8
| LEADER | 01754nam a2200385 i 4500 | ||
|---|---|---|---|
| 001 | EDZ0001584465 | ||
| 003 | StDuBDS | ||
| 005 | 20230412181734.0 | ||
| 006 | m|||||o||d|||||||| | ||
| 007 | cr ||||||||||| | ||
| 008 | 161107s2016 enka fo 000|0|eng|d | ||
| 020 | |a 9781784913212 (ebook) : |c No price | ||
| 040 | |a StDuBDS |b eng |c StDuBDS |e rda |e pn | ||
| 050 | 4 | |a DT238.C8 | |
| 082 | 0 | 4 | |a 939.7501 |2 23 |
| 100 | 1 | |a Rekowska-Ruszkowska, Monika, |e author. | |
| 245 | 1 | 0 | |a In pursuit of ancient Cyrenaica... : |b two hundred years of exploration set against the history of archaeology in Europe (1706-1911) / |c Monika Rekowska ; translated by Anna Kijak. |
| 264 | 1 | |a Oxford : |b Archaeopress, |c [2016] | |
| 300 | |a 1 online resource : |b illustrations (black and white, and colour) | ||
| 336 | |a text |2 rdacontent | ||
| 336 | |a still image |2 rdacontent | ||
| 337 | |a computer |2 rdamedia | ||
| 338 | |a online resource |2 rdacarrier | ||
| 500 | |a Previously issued in print: 2016. | ||
| 520 | 8 | |a This work examines travellers' accounts of their journeys to Cyrenaica, focusing in the main on an analysis of these accounts within the context of their significance to topographic surveys of the region. | |
| 521 | |a Specialized. | ||
| 588 | |a Description based on online resource; title from home page (viewed on November 8, 2016). | ||
| 650 | 0 | |a Archaeology |z Europe |x History. | |
| 651 | 0 | |a Cyrenaica (Libya) |x Antiquities. | |
| 700 | 1 | |a Kijak, Anna, |e translator. | |
| 776 | 0 | 8 | |i Print version : |z 9781784913205 |
| 856 | 4 | 0 | |3 Archaeopress |u http://library.arce.org:8087/Archaeopress/Products/9781784913205 |
| 942 | |2 lcc |c EBOOK | ||
| 952 | |0 0 |1 0 |4 0 |6 DT0238 C8 |7 1 |9 46147 |a ARCH |b ARCH |d 2023-04-12 |l 0 |o DT238.C8 |r 2023-04-12 00:00:00 |w 2023-04-12 |y EBOOK | ||
| 999 | |c 51805 |d 51805 | ||
